00523nam a2200193 a 4500001001300000003000900013005001700022008004100039020000900080082001700089100002100106245006100127260005300188300000900241500003500250505001000285650001300295700002100308nice12345678IN_TiNIC20260116012924.0050524s1972 shia grp 000 0 ara  ac4500a297.822bLOK aLokhandwala, S T aKitab Ikhtilaf Usul Il-Madahib of Qadi Numan B. Muhammad aShimlabIndian Institute of Advanced Studyc1972 a262p aincludes index and biblioraphy2 aIndex aIsmailis1 aLokhandwala, S T